[Event "World Junior U20 Girls 2018"]
[Site "Gebze"]
[Date "2018.09.05"]
[Round "1"]
[White "Nomin-Erdene, Davaademberel"]
[Black "Gomez Barrera, Javiera Belen"]
[Result "0-1"]
[WhiteElo "2377"]
[BlackElo "2035"]
[Annotator "NA"]
[PlyCount "66"]
[EventDate "2018.09.05"]
[EventType "swiss"]
[EventCountry "TUR"]
[SourceTitle "playchess.com"]
[Source "ChessBase"]
[SourceQuality "1"]
[TimeControl "40/5400+30:1800+30"]

1. e4 e5 2. Nf3 Nc6 3. Bb5 a6 4. Ba4 Nf6 5. O-O Be7 6. Re1 b5 7. Bb3 d6 8. c3 O-O 9. h3 {[%emt 0:01:30]} Bb7 {[%emt 0:03:30]} 10. d4 {[%emt 0:00:30]} Re8 {[%emt 0:00:00]} 11. Nbd2 {[%emt 0:06:30]} h6 {[%emt 0:02:00]} 12. a3 {[%emt 0:00:30]} Bf8 {[%emt 0:00:30]} 13. Bc2 {[%emt 0:00:30]} d5 {[%emt 0:14:30]} 14. exd5 {[%emt 0:06:30]} Qxd5 {[%emt 0:00:30]} 15. Ne4 {[%emt 0:00:30]} exd4 {[%emt 0:01:30]} 16. Nxf6+ {[%emt 0:05:30]} gxf6 {[%emt 0:00:00]} 17. Rxe8 {[%emt 0:06:30]} Rxe8 {[%emt 0:01:00]} 18. Qd3 {[%emt 0:01:30]} f5 {[%emt 0:16:30]} 19. Bf4 {[%emt 0:03:30]} Ne5 {[%emt 0:22:30]} 20. Bxe5 {[%emt 0:04:30]} Rxe5 {[%emt 0:00:00]} 21. cxd4 {[%emt 0:00:30]} Re6 {[%emt 0:16:00]} 22. Nh4 {[%emt 0:18:30]} Bg7 {[%emt 0:13:06]} 23. Qg3 {[%emt 0:10:30]} f4 {[%emt 0:06:36]} 24. Qxf4 {[%emt 0:11:30]} Qxd4 {[%emt 0:01:02]} 25. Qxc7 {[%emt 0:05:51]} Qxh4 {[%emt 0:00:48]} 26. Qxb7 {[%emt 0:02:46]} Bxb2 {[%emt 0:02:20]} 27. Rf1 {[%emt 0:04:48]} Bd4 {[%emt 0:00:32]} 28. Kh1 {[%emt 0:02:39]} Rf6 {[%emt 0:00:32]} 29. Qc8+ {[%emt 0:02:59]} Kg7 {[%emt 0:00:14]} 30. g3 {[%emt 0:05:54]} Qg5 {[%emt 0:00:36]} 31. Qb7 {[%emt 0:00:53]} Rxf2 {[%emt 0:00:45]} 32. Rxf2 {[%emt 0:00:30]} Bxf2 {[%emt 0:00:30]} 33. Bb3 {[%emt 0:00:30]} Qc1+ {[%emt 0:00:30]} 0-1

[Event "World Junior U20 Girls 2018"]
[Site "Gebze"]
[Date "2018.09.05"]
[Round "1"]
[White "Tokhirjonova, Gulrukhbegim"]
[Black "Yang, Yijing"]
[Result "1-0"]
[WhiteElo "2369"]
[BlackElo "2018"]
[Annotator "NA"]
[PlyCount "93"]
[EventDate "2018.09.05"]
[EventType "swiss"]
[EventCountry "TUR"]
[SourceTitle "playchess.com"]
[Source "ChessBase"]
[SourceQuality "1"]
[TimeControl "40/5400+30:1800+30"]

1. e4 d5 2. exd5 Nf6 3. Nc3 Nxd5 4. d4 {[%emt 0:02:00]} Nxc3 {[%emt 0:10:00]} 5. bxc3 {[%emt 0:00:30]} c5 {[%emt 0:00:00]} 6. Bd3 {[%emt 0:05:30]} Nc6 {[%emt 0:02:00]} 7. Ne2 {[%emt 0:01:30]} e5 {[%emt 0:14:30]} 8. O-O {[%emt 0:13:30]} Be7 {[%emt 0:05:30]} 9. Be3 {[%emt 0:03:30]} Be6 {[%emt 0:04:30]} 10. Rb1 {[%emt 0:08:30]} Qc7 {[%emt 0:06:30]} 11. dxe5 {[%emt 0:07:30]} Rd8 {[%emt 0:07:30]} 12. Nf4 {[%emt 0:02:30]} Qxe5 {[%emt 0:12:30]} 13. Qf3 {[%emt 0:02:30]} Na5 {[%emt 0:08:30]} 14. Nxe6 {[%emt 0:01:30]} Qxe6 {[%emt 0:00:30]} 15. Bxc5 {[%emt 0:04:30]} Qd5 {[%emt 0:01:30]} 16. Qxd5 {[%emt 0:00:30]} Rxd5 {[%emt 0:00:30]} 17. Bxa7 {[%emt 0:00:30]} O-O {[%emt 0:00:30]} 18. Rfd1 {[%emt 0:01:30]} g6 {[%emt 0:02:30]} 19. c4 {[%emt 0:01:30]} Rd7 {[%emt 0:00:30]} 20. Be2 {[%emt 0:01:30]} Rxd1+ {[%emt 0:02:35]} 21. Rxd1 {[%emt 0:00:00]} Rd8 {[%emt 0:00:25]} 22. Rxd8+ {[%emt 0:03:00]} Bxd8 {[%emt 0:00:30]} 23. f4 {[%emt 0:01:30]} Kf8 {[%emt 0:01:35]} 24. Bc5+ {[%emt 0:01:30]} Ke8 {[%emt 0:00:50]} 25. Kf2 {[%emt 0:00:00]} Kd7 {[%emt 0:00:30]} 26. Ke3 {[%emt 0:00:00]} Ke6 {[%emt 0:01:30]} 27. Bg4+ {[%emt 0:01:30]} f5 {[%emt 0:00:50]} 28. Be2 {[%emt 0:00:30]} g5 {[%emt 0:01:02]} 29. fxg5 {[%emt 0:00:30]} Bxg5+ {[%emt 0:00:30]} 30. Kd3 {[%emt 0:00:30]} Nc6 {[%emt 0:00:30]} 31. a4 {[%emt 0:01:30]} Bf6 {[%emt 0:04:49]} 32. c3 {[%emt 0:00:30]} Ne5+ {[%emt 0:01:41]} 33. Kc2 {[%emt 0:00:30]} Bd8 {[%emt 0:00:10]} 34. Kb3 {[%emt 0:00:30]} Ba5 {[%emt 0:00:47]} 35. Bd4 {[%emt 0:00:30]} Nc6 {[%emt 0:03:39]} 36. Bf3 {[%emt 0:00:30]} Nxd4+ {[%emt 0:00:52]} 37. cxd4 {[%emt 0:00:30]} b6 {[%emt 0:00:00]} 38. c5 {[%emt 0:01:30]} Kd7 {[%emt 0:02:05]} 39. Kc4 {[%emt 0:00:30]} bxc5 {[%emt 0:00:00]} 40. dxc5 {[%emt 0:00:30]} Kc7 {[%emt 0:00:00]} 41. Kb5 {[%emt 0:00:30]} Bd2 {[%emt 0:01:10]} 42. a5 {[%emt 0:00:30]} Bf4 {[%emt 0:00:00]} 43. h3 {[%emt 0:00:00]} Bg3 {[%emt 0:01:00]} 44. a6 {[%emt 0:00:00]} Kb8 {[%emt 0:00:00]} 45. Kb6 {[%emt 0:00:30]} Bc7+ {[%emt 0:00:00]} 46. Kc6 {[%emt 0:00:00]} Bg3 {[%emt 0:00:30]} 47. Kd7 {[%emt 0:00:00]} 1-0

[Event "World Junior U20 Girls 2018"]
[Site "Gebze"]
[Date "2018.09.05"]
[Round "1"]
[White "Hojjatova, Aydan"]
[Black "Isha Sharma"]
[Result "0-1"]
[WhiteElo "2356"]
[BlackElo "2012"]
[Annotator "NA"]
[PlyCount "114"]
[EventDate "2018.09.05"]
[EventType "swiss"]
[EventCountry "TUR"]
[SourceTitle "playchess.com"]
[Source "ChessBase"]
[SourceQuality "1"]
[TimeControl "40/5400+30:1800+30"]

1. e4 e6 2. d4 d5 3. Nd2 c5 4. exd5 Qxd5 5. Ngf3 {[%emt 0:01:30]} cxd4 {[%emt 0:02:30]} 6. Bc4 {[%emt 0:00:30]} Qd8 {[%emt 0:00:30]} 7. O-O {[%emt 0:00:30]} Nc6 {[%emt 0:00:30]} 8. Nb3 {[%emt 0:00:30]} Nf6 {[%emt 0:00:30]} 9. Nbxd4 {[%emt 0:00:30]} Nxd4 {[%emt 0:00:00]} 10. Nxd4 {[%emt 0:00:30]} a6 {[%emt 0:00:00]} 11. Re1 {[%emt 0:01:30]} Bc5 {[%emt 0:04:30]} 12. c3 {[%emt 0:02:30]} O-O {[%emt 0:05:30]} 13. Bg5 {[%emt 0:00:30]} Bd7 {[%emt 0:12:30]} 14. Nf3 {[%emt 0:18:30]} Bc6 {[%emt 0:18:30]} 15. Qe2 {[%emt 0:01:30]} Be7 {[%emt 0:05:30]} 16. Rad1 {[%emt 0:04:30]} Qc7 {[%emt 0:01:30]} 17. Ne5 {[%emt 0:03:30]} Bd5 {[%emt 0:06:30]} 18. Bd3 {[%emt 0:11:30]} Bxa2 {[%emt 0:12:30]} 19. Bxf6 {[%emt 0:00:30]} Bxf6 {[%emt 0:00:30]} 20. Nd7 {[%emt 0:00:00]} Rfd8 {[%emt 0:05:30]} 21. Nxf6+ {[%emt 0:01:00]} gxf6 {[%emt 0:00:30]} 22. Qh5 {[%emt 0:03:30]} Kf8 {[%emt 0:03:30]} 23. Qxh7 {[%emt 0:02:30]} Bb3 {[%emt 0:00:30]} 24. Rd2 {[%emt 0:16:30]} Ke7 {[%emt 0:04:20]} 25. Qe4 {[%emt 0:05:30]} a5 {[%emt 0:00:07]} 26. Ree2 {[%emt 0:02:30]} Bd5 {[%emt 0:01:46]} 27. Qa4 {[%emt 0:03:38]} Bc6 {[%emt 0:09:22]} 28. Qc4 {[%emt 0:04:01]} Qd6 {[%emt 0:05:50]} 29. Qb3 {[%emt 0:12:50]} a4 {[%emt 0:00:42]} 30. Qd1 {[%emt 0:01:48]} Rh8 {[%emt 0:00:22]} 31. h3 {[%emt 0:02:22]} Qf4 {[%emt 0:01:17]} 32. f3 {[%emt 0:00:30]} Rag8 {[%emt 0:00:30]} 33. Be4 {[%emt 0:00:42]} Rxh3 {[%emt 0:00:03]} 34. Bxc6 {[%emt 0:00:29]} Qh2+ {[%emt 0:00:16]} 35. Kf1 {[%emt 0:00:35]} Qh1+ {[%emt 0:01:02]} 36. Kf2 {[%emt 0:00:03]} Qxg2+ {[%emt 0:00:18]} 37. Ke3 {[%emt 0:00:13]} Qg5+ {[%emt 0:00:00]} 38. Kd3 {[%emt 0:00:37]} bxc6 {[%emt 0:00:07]} 39. Kc2 {[%emt 0:00:03]} Qf5+ {[%emt 0:00:25]} 40. Kc1 {[%emt 0:00:00]} e5 {[%emt 0:00:00]} 41. Qxa4 {[%emt 0:09:39]} Rh1+ {[%emt 0:02:33]} 42. Rd1 {[%emt 0:01:30]} Rxd1+ {[%emt 0:00:30]} 43. Qxd1 {[%emt 0:00:00]} Ra8 {[%emt 0:00:30]} 44. Qb3 {[%emt 0:03:00]} Ra1+ {[%emt 0:00:30]} 45. Kd2 {[%emt 0:00:30]} Qxf3 {[%emt 0:01:30]} 46. Qb4+ {[%emt 0:01:32]} Ke6 {[%emt 0:00:30]} 47. Qf8 {[%emt 0:01:51]} Qd5+ {[%emt 0:03:30]} 48. Ke3 {[%emt 0:00:30]} Qd7 {[%emt 0:00:30]} 49. Kf2 {[%emt 0:07:52]} Rd1 {[%emt 0:00:30]} 50. Qb8 {[%emt 0:00:18]} Kf5 {[%emt 0:02:30]} 51. Qb6 {[%emt 0:00:50]} Kg6 {[%emt 0:01:30]} 52. Kg3 {[%emt 0:03:22]} Qd3+ {[%emt 0:00:30]} 53. Re3 {[%emt 0:01:37]} Qf5 {[%emt 0:00:30]} 54. Rf3 {[%emt 0:01:12]} Qg5+ {[%emt 0:00:30]} 55. Kh2 {[%emt 0:00:38]} Rd2+ {[%emt 0:00:00]} 56. Rf2 {[%emt 0:01:16]} Qh4+ {[%emt 0:01:00]} 57. Kg2 {[%emt 0:00:08]} Rxf2+ {[%emt 0:00:30]} 0-1

[Event "World Junior U20 Girls 2018"]
[Site "Gebze"]
[Date "2018.09.05"]
[Round "1"]
[White "Gorti, Akshita"]
[Black "Cramling Bellon, Anna"]
[Result "1-0"]
[WhiteElo "2315"]
[BlackElo "2009"]
[Annotator "TA"]
[PlyCount "137"]
[EventDate "2018.09.05"]
[EventType "swiss"]
[EventCountry "TUR"]
[SourceTitle "playchess.com"]
[Source "ChessBase"]
[SourceQuality "1"]

{[%evp 24,137,23,22,36,43,35,28,104,90,87,94,97,89,98,80,93,88,153,153,220,210,212,220,213,225,230,181,187,91,79,42,89,27,29,31,30,9,31,0,0,-50,-47,-47,-54,-131,-22,-42,-41,-45,-45,-61,-45,-124,-112,-127,-139,-113,0,-125,-57,-80,-68,-69,-61,-148,-78,-477,405,382,390,359,364,342,669,452,426,370,366,322,746,657,632,643,664,761,685,677,5432,5432,5432,5421,5425,5425,5421,5421,5396,5389,5389,5362,5362,5341,5291,5223,5189,5129,5122,4702,5122,5122,5126,4718,29976,29976,29978,12341]} 1. Nf3 c5 2. e3 Nf6 3. d4 d5 4. c3 e6 5. Nbd2 Nc6 6. Bd3 Bd6 7. O-O O-O 8. dxc5 Bxc5 9. b4 Bd6 10. Bb2 e5 {D05: Colle System with ...e6} 11. e4 dxe4 12. Nxe4 Nxe4 13. Bxe4 {[#] LiveBook: 4 Games} Kh8 $146 ({Predecessor:} 13... Be6 14. a3 Rc8 15. Rc1 b5 16. Re1 Ne7 17. Ng5 Bf5 18. Qd3 {1-0 (39) Ushenina,A (2494)-Hou,Y (2673) Beijing 2014}) 14. Re1 Bg4 15. h3 Bxf3 (15... Bh5 $11 {remains equal.}) 16. Qxf3 $16 Qc7 17. Qf5 {[%csl Ge4][%cal Rf5h7] [#]} g6 18. Qf6+ Kg8 19. Rad1 $36 {[%mdl 2048] Keeping Black busy.} Be7 20. Qf3 f5 (20... Kg7 $142) 21. Bd5+ Kh8 (21... Kg7 $16 {was worth a try.} 22. b5 e4 23. Bxe4 fxe4 24. Qxe4 Bf6) 22. b5 $18 Na5 23. c4 Bf6 24. Qc3 Rad8 25. Kh1 Kg7 26. Ba3 (26. g4 $18 {has better winning chances.}) 26... Rfe8 $16 27. Bb4 b6 28. Bxa5 ({Better is} 28. g4 $16) 28... bxa5 $11 29. c5 e4 30. Qc1 Re5 31. Bc6 Rd3 32. f3 Qe7 33. fxe4 fxe4 34. Qf4 {[#]} (34. Qc2 $15) 34... Qxc5 (34... Rxd1 $1 $17 35. Rxd1 e3) 35. Bxe4 ({Avoid the trap} 35. Rxd3 $2 exd3 36. Rf1 Qd6 $19) 35... Rxd1 36. Rxd1 Qxb5 37. Rf1 Qb6 38. Rd1 (38. g3 $15) 38... Qe6 $17 39. Rd4 Bg5 40. Qf3 Bf6 (40... Qxa2 $17 41. Rd7+ Re7 42. Qc3+ Kh6 43. Rxe7 Bxe7 44. Qc1+ Bg5) 41. Qd3 (41. Qf4 $1 $11) 41... Be7 (41... Qxa2 $17 {Hoping for ...Qa1+.} 42. Rd7+ Re7 43. Rxe7+ Bxe7 44. Qd4+ Kh6 45. Qe3+ Bg5) 42. a4 h5 43. Qc3 Qf6 44. Qd3 ({White should try} 44. Bf3 $15) 44... h4 ({Black should play} 44... Qf2 45. Qd1 Bc5) 45. Rd7 $2 {[%mdl 8192]} (45. Qf3 $17) 45... Rxe4 $4 {[%mdl 8192]} (45... Qf4 $19 {avoids the disaster.} 46. Qc3 Kh6) 46. Qxe4 $19 {[%mdl 4096] Endgame KQR-KQB} Kf8 47. Qa8+ Kf7 48. Rd1 ({But not} 48. Qxa7 Qe5 $18) 48... Qf4 $2 (48... Qf2 49. Qe4 Qf5) 49. Qd5+ Kg7 50. Qd7 Kf6 51. Re1 ({Don't take} 51. Qxa7 Bd6 $18) 51... Qd6 $2 (51... Bf8 52. Qd8+ Kg7) 52. Rf1+ Kg7 53. Qxa7 Qb4 54. Qd7 Kh6 55. Rd1 Bf6 56. Qd2+ Qxd2 57. Rxd2 $18 {KR-KB} Bc3 58. Rd5 Kg7 59. Kg1 Kf7 60. Kf2 Ke6 61. Rg5 Kf6 62. Rb5 Ke6 63. Kf3 Be1 64. Kg4 Kf6 65. Rb1 Bg3 66. Rb6+ Ke5 67. Rb5+ Ke4 68. Rxa5 Ke3 69. Rb5 {Precision: White = 51%, Black = 31%.} 1-0

[Event "World Junior U20 Girls 2018"]
[Site "Gebze"]
[Date "2018.09.05"]
[Round "1"]
[White "Unuk, Laura"]
[Black "Stanciu, Ioana-Georgiana"]
[Result "1-0"]
[WhiteElo "2299"]
[BlackElo "2000"]
[Annotator "NA"]
[PlyCount "95"]
[EventDate "2018.09.05"]
[EventType "swiss"]
[EventCountry "TUR"]
[SourceTitle "playchess.com"]
[Source "ChessBase"]
[SourceQuality "1"]
[TimeControl "40/5400+30:1800+30"]

1. d4 d5 2. c4 e6 3. Nc3 c6 4. e4 dxe4 5. Nxe4 Bb4+ 6. Bd2 {[%emt 0:01:00]} Bxd2+ {[%emt 0:06:00]} 7. Qxd2 {[%emt 0:03:30]} Nf6 {[%emt 0:01:30]} 8. Nxf6+ {[%emt 0:06:30]} Qxf6 {[%emt 0:00:30]} 9. Nf3 {[%emt 0:00:30]} Na6 {[%emt 0:04:30]} 10. Rd1 {[%emt 0:09:30]} O-O {[%emt 0:02:30]} 11. b4 {[%emt 0:11:30]} Rd8 {[%emt 0:09:30]} 12. Bd3 {[%emt 0:00:30]} Qe7 {[%emt 0:05:30]} 13. a3 {[%emt 0:05:30]} e5 {[%emt 0:04:30]} 14. dxe5 {[%emt 0:03:30]} Bg4 {[%emt 0:02:30]} 15. Qe3 {[%emt 0:03:30]} Re8 {[%emt 0:06:30]} 16. O-O {[%emt 0:02:30]} Bxf3 {[%emt 0:01:30]} 17. Qxf3 {[%emt 0:00:30]} Qxe5 {[%emt 0:00:30]} 18. h4 {[%emt 0:01:30]} Rad8 {[%emt 0:03:30]} 19. g3 {[%emt 0:03:30]} Nc7 {[%emt 0:11:30]} 20. Kg2 {[%emt 0:02:30]} Rd6 {[%emt 0:12:30]} 21. Bb1 {[%emt 0:10:30]} Rxd1 {[%emt 0:10:38]} 22. Rxd1 {[%emt 0:00:30]} Qe7 {[%emt 0:00:43]} 23. Rd3 {[%emt 0:08:30]} Ne6 {[%emt 0:03:49]} 24. Re3 {[%emt 0:00:30]} g6 {[%emt 0:00:55]} 25. h5 {[%emt 0:02:30]} Qg5 {[%emt 0:02:07]} 26. hxg6 {[%emt 0:03:30]} hxg6 {[%emt 0:00:03]} 27. c5 {[%emt 0:00:00]} Rd8 {[%emt 0:01:32]} 28. Ba2 {[%emt 0:02:00]} Re8 {[%emt 0:01:35]} 29. Re4 {[%emt 0:00:30]} Kg7 {[%emt 0:00:47]} 30. Rh4 {[%emt 0:01:06]} Qe5 {[%emt 0:02:46]} 31. Re4 {[%emt 0:04:08]} Qf6 {[%emt 0:00:16]} 32. Qe3 {[%emt 0:00:15]} Re7 {[%emt 0:01:28]} 33. Bxe6 {[%emt 0:03:57]} Rxe6 {[%emt 0:00:36]} 34. Rxe6 {[%emt 0:00:51]} fxe6 {[%emt 0:00:32]} 35. Qd3 {[%emt 0:01:12]} Qf7 {[%emt 0:00:58]} 36. Qd4+ {[%emt 0:01:24]} Kh7 {[%emt 0:00:05]} 37. g4 {[%emt 0:00:34]} g5 {[%emt 0:01:48]} 38. Qe5 {[%emt 0:01:40]} Kg6 {[%emt 0:00:18]} 39. Kg3 {[%emt 0:05:32]} Qd7 {[%emt 0:01:45]} 40. Qd6 {[%emt 0:00:00]} Qf7 {[%emt 0:00:00]} 41. f4 {[%emt 0:15:21]} gxf4+ {[%emt 0:00:49]} 42. Qxf4 {[%emt 0:00:30]} Qd7 {[%emt 0:00:30]} 43. Qd6 {[%emt 0:00:30]} Qf7 {[%emt 0:00:00]} 44. Qd8 {[%emt 0:02:59]} Kg7 {[%emt 0:02:00]} 45. Qg5+ {[%emt 0:00:17]} Kf8 {[%emt 0:25:09]} 46. Qf4 {[%emt 0:01:22]} e5 {[%emt 0:00:02]} 47. Kf3 {[%emt 0:01:36]} b6 {[%emt 0:01:49]} 48. Ke4 {[%emt 0:02:36]} 1-0

[Event "World Junior U20 Girls 2018"]
[Site "Gebze"]
[Date "2018.09.05"]
[Round "1"]
[White "Chitlange Sakshi"]
[Black "Nastase, Andreea-Cristina"]
[Result "1-0"]
[WhiteElo "2279"]
[BlackElo "1983"]
[Annotator "NA"]
[PlyCount "79"]
[EventDate "2018.09.05"]
[EventType "swiss"]
[EventCountry "TUR"]
[SourceTitle "playchess.com"]
[Source "ChessBase"]
[SourceQuality "1"]
[TimeControl "40/5400+30:1800+30"]

1. d4 d5 2. c4 dxc4 3. Nf3 b5 4. a4 c6 5. e3 e6 6. axb5 cxb5 7. b3 Bb4+ 8. Bd2 Bxd2+ 9. Nbxd2 Nf6 10. bxc4 bxc4 11. Bxc4 O-O 12. O-O Bb7 13. Qe2 Nbd7 14. Ra3 Nb6 15. Bd3 Qe7 16. Rfa1 Nc8 17. e4 h6 18. Ra5 Rd8 19. Nb3 Rb8 20. Nc5 Ba8 21. h3 Nd7 22. Rc1 Nxc5 23. Raxc5 Nb6 24. Ba6 Bb7 25. Ne5 Qd6 26. Bxb7 Rxb7 27. Qa6 {[%emt 0:51:30]} Rbd7 {[%emt 1:18:30]} 28. Nxd7 {[%emt 0:01:30]} Rxd7 {[%emt 0:00:30]} 29. d5 {[%emt 0:00:30]} exd5 {[%emt 0:00:30]} 30. exd5 {[%emt 0:00:30]} Qe5 {[%emt 0:01:30]} 31. Qd3 {[%emt 0:00:00]} g6 {[%emt 0:01:30]} 32. Qd2 {[%emt 0:05:00]} Kg7 {[%emt 0:01:30]} 33. Re1 {[%emt 0:02:30]} Rxd5 {[%emt 0:02:33]} 34. Rxd5 {[%emt 0:04:30]} Qxd5 {[%emt 0:00:30]} 35. Qc3+ {[%emt 0:00:30]} Kh7 {[%emt 0:00:30]} 36. Re8 {[%emt 0:02:30]} Qd1+ {[%emt 0:03:06]} 37. Kh2 {[%emt 0:00:30]} Qd6+ {[%emt 0:00:30]} 38. g3 {[%emt 0:00:30]} g5 {[%emt 0:00:00]} 39. Rh8+ {[%emt 0:00:30]} Kg6 {[%emt 0:01:07]} 40. Rg8+ {[%emt 0:00:00]} 1-0

[Event "World Junior U20 Girls 2018"]
[Site "Gebze"]
[Date "2018.09.05"]
[Round "1"]
[White "Potapova, Margarita"]
[Black "Aubert, Laurane"]
[Result "1/2-1/2"]
[WhiteElo "2277"]
[BlackElo "1970"]
[Annotator "TA"]
[PlyCount "120"]
[EventDate "2018.09.05"]
[EventType "swiss"]
[EventCountry "TUR"]
[SourceTitle "playchess.com"]
[Source "ChessBase"]
[SourceQuality "1"]

{[%evp 30,120,11,13,32,35,27,0,0,0,0,0,30,35,45,0,0,0,19,18,25,15,13,14,18,2,6,0,0,-9,11,6,16,0,22,0,2,-27,-24,-15,0,0,14,-16,0,0,14,20,15,-32,99,100,95,99,95,92,109,82,95,97,88,8,8,8,8,8,31,36,45,0,0,-23,-23,-24,-24,-31,-6,-6,0,0,0,0,8,8,8,0,0,0,0,0,0,0,0]} 1. e4 c5 2. Nf3 e6 3. d4 cxd4 4. Nxd4 Nf6 5. Nc3 Nc6 6. Ndb5 Bb4 7. a3 Bxc3+ 8. Nxc3 d5 9. exd5 exd5 10. Bd3 O-O 11. O-O d4 12. Ne2 Bg4 13. f3 Bh5 14. Nf4 {B45: Sizilianisch (Klassisches System)} Bg6 15. Nxg6 hxg6 16. f4 {LiveBook: 33 Partien} Re8 (16... Ne7 17. Qf3 Qb6 18. Bd2 Nf5 19. b4 Ne3 20. Rfe1 Rfe8 21. c4 Qe6 {0-1 (39) Kulaots,K (2556)-Tregubov,P (2585) Tallinn 2016}) 17. f5 gxf5 18. Bxf5 Ne7 $146 ({Vorgänger:} 18... Qd5 19. Bg5 Ne4 20. Qf3 Re5 21. Bh4 Nd2 {½-½ (37) Walter,K (2056)-Kunz,W (2187) Gruenbach 2014}) 19. Bd3 Ned5 20. Qf3 Qc7 21. Bg5 Re5 22. Bh4 Re3 23. Qf5 {[%cal Rh4f6]} Re5 (23... g6 $5 24. Qg5 $8 Re5 $11) 24. Qh3 {[#] Und weiter mit Lxf6 wäre nett.} Rh5 {Weiss sollte ...Se3 verhindern.} 25. Qg3 Qxg3 26. Bxg3 Ne3 27. Rf4 Rd5 28. Bf2 Nfg4 29. Bg3 Nf6 30. Be1 Rc8 31. Rc1 a6 32. h3 b5 33. g4 Nd7 34. Be4 Rdc5 35. Bb4 R5c7 36. Ba5 (36. Bd6 $5 {[%cal Rd6c7]}) 36... Rc5 37. Bb4 $36 {[%mdl 2048] Weiss kämpft um Vorteil.} R5c7 38. Bd6 Rc4 39. Rf2 Nf6 {[#]} (39... Re8 $15 {behält die Oberhand.} 40. Bd3 Rc6) 40. Bd3 $1 $16 R4c6 41. Be5 Rd8 42. Rf4 Rdc8 {[%cal Re3c2]} 43. Bxd4 Nxc2 44. Bxf6 $1 gxf6 45. Bf5 (45. Be4 $16 Rc4 46. Bb7 Rxf4 47. Bxc8) 45... Ne3 $11 46. Rxc6 Rxc6 {[%mdl 4096] Endspiel KTL-KTS} 47. Be4 Rd6 48. b3 Kg7 49. Kf2 Nd1+ 50. Kg3 Nc3 51. Kf3 Rd1 52. Bb7 a5 {Weiss muss nun ...Ta1 beachten.} 53. Ke3 {Die Stellung ist ausgeglichen.} Rb1 54. b4 axb4 55. Rxb4 Rxb4 56. axb4 {Und Kd4 würde nun gewinnen. KL-KS} Na2 57. Kd4 {Droht stark Kc5.} Nxb4 58. Kc3 Na2+ 59. Kb2 Nb4 60. Kc3 Na2+ {Precision: Weiß = 48%, Schwarz = 50%.} 1/2-1/2

[Event "World Junior U20 Girls 2018"]
[Site "Gebze"]
[Date "2018.09.05"]
[Round "1"]
[White "Alinasab, Mobina"]
[Black "Meenal Gupta"]
[Result "1/2-1/2"]
[WhiteElo "2261"]
[BlackElo "1963"]
[Annotator "TA"]
[PlyCount "134"]
[EventDate "2018.09.05"]
[EventType "swiss"]
[EventCountry "TUR"]
[SourceTitle "playchess.com"]
[Source "ChessBase"]
[SourceQuality "1"]

{[%evp 19,134,0,0,-14,17,10,34,16,21,18,20,16,30,27,42,0,0,-12,0,0,0,-12,0,-10,-15,-41,-20,-24,-12,-12,-12,-18,0,0,0,-130,-139,-126,-132,-179,-177,-179,-170,-216,-211,-277,-267,-265,-256,-274,-259,-485,-497,-499,-502,-630,-603,-637,-395,-395,-371,-371,-323,-349,-62,-62,-62,-108,-105,-242,-241,-12846,0,0,0,0,0,0,0,0,0,0,0,0,0,0,0,0,0,0,0,0,0,0,0,0,0,0,0,0,0,0,0,0,0,0,0,0,0,-12851,-12851,-12851,-29960,-12851,0,0,0]} 1. e4 c5 2. Nf3 d6 3. d4 cxd4 4. Nxd4 Nf6 5. Nc3 a6 6. Bg5 e6 7. f4 Be7 8. Qe2 h6 9. Bxf6 {B98: Sicilian Najdorf: 6 Bg5 e6 7 f4 Be7, sidelines} Bxf6 10. O-O-O Qc7 {LiveBook: 23 Games} 11. Qe3 $146 ({Predecessor:} 11. Qd2 Bd7 12. Kb1 b5 13. g4 b4 14. Nce2 Nc6 15. Nf3 Be7 16. h4 a5 {½-½ (48) Jobava,B (2669)-Yilmaz,M (2622) Izmir 2016}) 11... Qc5 12. Qd3 Bxd4 13. Qxd4 Qxd4 14. Rxd4 Ke7 15. Be2 Nc6 16. Rd2 g5 17. f5 Ne5 18. h4 {Strongly threatening hxg5.} gxh4 19. Rxh4 Bd7 20. Rf4 Bc6 21. g4 Rhg8 22. Nd1 Bb5 {Threatening ...Bxe2.} 23. Ne3 Rac8 $36 {[%mdl 2048] Black is pushing.} 24. Bxb5 axb5 25. Kd1 Nc4 26. Nxc4 Rxc4 $11 {[%mdl 4096] Endgame KRR-KRR} 27. f6+ (27. b3 $11 Rc5 28. fxe6 fxe6 29. Rdf2) 27... Kd7 $17 28. b3 Rc5 29. Rh2 e5 30. Rff2 Rxg4 31. Rxh6 Rxe4 32. Rg2 Rd5+ 33. Kc1 b4 {...Re1+ is the strong threat.} 34. Kb2 Re1 35. a3 $2 (35. c4 bxc3+ 36. Kxc3) 35... bxa3+ $19 36. Kxa3 e4 37. Rg7 Ke6 38. Rg8 {intending Re8+.} e3 39. Re8+ Kd7 40. Re7+ Kc6 41. Rh4 {[#]} e2 $2 (41... Re5 $1 $19 42. Kb4 Rxe7 43. fxe7 Kd7) 42. Rc4+ $15 Rc5 43. Kb4 b5 44. Rce4 (44. Rxc5+ $17 dxc5+ 45. Kc3) 44... Rxc2 $19 45. Rxf7 $2 (45. Re3) 45... Rf1 $2 ({Black should play} 45... Rd1 $19 46. Ka5 Ra2+ 47. Kb4 {[#]} Rd4+ $1 {[%mdl 512]} 48. Kc3 Rxe4 49. Rc7+ Kxc7 50. b4 e1=Q+ 51. Kb3 Qb1+ 52. Kc3 Rc4#) 46. Rfe7 $11 Rxf6 {White must now prevent ...Rf2.} (46... Rf2 {with more complications.} 47. f7 Kb6 48. Rd4 Kc6 49. Rde4) 47. Rxe2 Rxe2 (47... Rc5 {is more complex.} 48. R7e6 Rf4+ 49. R2e4 Rf8 50. Rd4 Rd8) 48. Rxe2 {KR-KR} Kb6 49. Re4 Rg6 50. Rf4 Rg5 51. Re4 Re5 52. Rf4 Kc6 53. Rf8 Re4+ 54. Ka5 Re3 55. Kb4 Kd5 56. Rf5+ Ke4 57. Rxb5 d5 58. Rb8 d4 59. Rd8 Kd3 60. Kc5 Re5+ 61. Kb4 Re4 62. Kc5 Kc3 63. b4 Re5+ $2 {[%mdl 8192]} (63... d3 $11 64. Rxd3+ Kxd3) 64. Kc6 $2 {[%mdl 8192]} (64. Kb6 $11) 64... Kc4 $19 65. Rb8 d3 66. Rd8 Rb5 $2 {[#]} (66... Re6+ $19 67. Kb7 Re3) 67. Rxd3 $1 $11 {[%mdl 512] And now Rd4+! would win.} Rxb4 {Precision: White = 45%, Black = 45%.} (67... Kxd3 68. Kxb5) 1/2-1/2